| 000 -LEADER |
| fixed length control field |
nam a22 a 4500 |
| 003 - CONTROL NUMBER IDENTIFIER |
| control field |
AKMAL |
| 005 - DATE AND TIME OF LATEST TRANSACTION |
| control field |
20170524093815.0 |
| 008 - FIXED-LENGTH DATA ELEMENTS--GENERAL INFORMATION |
| fixed length control field |
170524s1997 my a e | 000 0 may d |
| 020 ## - INTERNATIONAL STANDARD BOOK NUMBER |
| International Standard Book Number |
9839942301 (kkt.) : |
| Terms of availability |
RM 15.00 |
| 039 #9 - LEVEL OF BIBLIOGRAPHIC CONTROL AND CODING DETAIL [OBSOLETE] |
| Level of rules in bibliographic description |
201011231001 |
| Level of effort used to assign nonsubject heading access points |
masliza |
| Level of effort used to assign subject headings |
201011230958 |
| Level of effort used to assign classification |
masliza |
| Level of effort used to assign subject headings |
200810141251 |
| Level of effort used to assign classification |
marzihan |
| Level of effort used to assign subject headings |
200805141258 |
| Level of effort used to assign classification |
jalil |
| 040 ## - CATALOGING SOURCE |
| Original cataloging agency |
AKMAL |
| Transcribing agency |
AKMAL |
| 049 ## - LOCAL HOLDINGS (OCLC) |
| Holding library |
mal |
| 082 04 - DEWEY DECIMAL CLASSIFICATION NUMBER |
| Classification number |
808.23 ASI |
| Edition number |
22 |
| 090 00 - LOCALLY ASSIGNED LC-TYPE CALL NUMBER (OCLC); LOCAL CALL NUMBER (RLIN) |
| Classification number (OCLC) (R) ; Classification number, CALL (RLIN) (NR) |
808.23 |
| Local cutter number (OCLC) ; Book number/undivided call number, CALL (RLIN) |
ASI |
| 090 20 - LOCALLY ASSIGNED LC-TYPE CALL NUMBER (OCLC); LOCAL CALL NUMBER (RLIN) |
| Classification number (OCLC) (R) ; Classification number, CALL (RLIN) (NR) |
808.23 |
| Local cutter number (OCLC) ; Book number/undivided call number, CALL (RLIN) |
ASI |
| 100 0# - MAIN ENTRY--PERSONAL NAME |
| Personal name |
Asiah Sarji |
| 9 (RLIN) |
7576 |
| 245 10 - TITLE STATEMENT |
| Title |
Keadaan & permasalahan penulis & penulisan skrip / |
| Statement of responsibility, etc. |
oleh Asiah Sarji, Faridah Ibrahim, Mazni Buyong |
| 246 3# - VARYING FORM OF TITLE |
| Title proper/short title |
Keadaan dan permasalahan penulis dan penulisan skrip |
| 260 ## - PUBLICATION, DISTRIBUTION, ETC. |
| Place of publication, distribution, etc. |
Ampang : |
| Name of publisher, distributor, etc. |
Perbadanan Kemajuan Filem Nasional Malaysia (FINAS), |
| Date of publication, distribution, etc. |
1997 |
| 300 ## - PHYSICAL DESCRIPTION |
| Extent |
xi, 88ms. : |
| Other physical details |
il. ; |
| Dimensions |
23cm. |
| 504 ## - BIBLIOGRAPHY, ETC. NOTE |
| Bibliography, etc. note |
Bibliografi : ms. 88 |
| 650 10 - SUBJECT ADDED ENTRY--TOPICAL TERM |
| Topical term or geographic name entry element |
Motion picture authorship |
| 9 (RLIN) |
7596 |
| 700 0# - ADDED ENTRY--PERSONAL NAME |
| Personal name |
Faridah Ibrahim |
| 9 (RLIN) |
7578 |
| 700 0# - ADDED ENTRY--PERSONAL NAME |
| Personal name |
Mazni Buyong |
| 9 (RLIN) |
7579 |
| 942 ## - ADDED ENTRY ELEMENTS (KOHA) |
| Source of classification or shelving scheme |
|
| Koha item type |
Book |